000 00334cam a22001217a 4500
008 180718b2002 xxu||||| |||| 00| 0 eng d
020 _a0821351931
082 _aL714 In8p
245 _aStandard bidding documents: procurement of works
260 _aWashington, D.C.
_bWorld Bank
_c2002
300 _a238p.
650 _aBids, competitive
999 _c288329
_d288329